书目信息 |
| 题名: |
外国著名长诗介绍与欣赏
|
|
| 作者: | 温祖荫 著 | |
| 分册: | ||
| 出版信息: | 福州 福建教育出版社 1985 |
|
| 页数: | 305页 | |
| 开本: | 20cm | |
| 丛书名: | 世界文学名著选介丛书 | |
| 单 册: | ||
| 中图分类: | I11 | |
| 科图分类: | ||
| 主题词: | 文学--作品集--世界 | |
| 电子资源: | ||
| ISBN: | ||
| 000 | 00741nam2 2200265 45 | |
| 001 | 0185006204 | |
| 005 | 20040418143252.8 | |
| 010 | @dCNY1.95 | |
| 091 | @a10159.10 | |
| 100 | @a19901105d1985 em y0chiy0121 ea | |
| 101 | 0 | @achi |
| 102 | @aCN@b350000 | |
| 105 | @af zr 000gy | |
| 106 | @ar | |
| 200 | 10 | @a外国著名长诗介绍与欣赏@Awai guo zhu ming chang shi jie shao yu xin shang@f温祖荫著 |
| 210 | @a福州@c福建教育出版社@d1985 | |
| 215 | @a305页@c照片@d20cm | |
| 225 | 2 | @a世界文学名著选介丛书 |
| 410 | 0 | @120010@a世界文学名著选介丛书 |
| 606 | 0 | @a文学@x作品集@x世界 |
| 690 | @aI11 | |
| 701 | 0 | @a温祖荫@Awen zu yin@4著 |
| 801 | 0 | @aCN@b深圳图书馆@c20040418 |
| 801 | 2 | @aCN@bNLC@c20040418 |
| 905 | @f2@b148197-198@dI11@e127 | |
| 外国著名长诗介绍与欣赏/温祖荫著.-福州:福建教育出版社,1985 |
| 305页:照片;20cm.-(世界文学名著选介丛书) |
| ISBN :CNY1.95 |
| ● |
| 相关链接 |
|
|
|
|
正题名:外国著名长诗介绍与欣赏
索取号:I11/127
 
预约/预借
| 序号 | 登录号 | 条形码 | 馆藏地/架位号 | 状态 | 备注 |
| 1 | 0148197 | 000087989 | 第二借阅区/ [索取号:I11/127] | 在馆 | |
| 2 | 0148198 | 000087998 | 第二借阅区/ [索取号:I11/127] | 在馆 | |
| 3 | 0148199 | 202439094 | 第一样本阅览室/ [索取号:I11/127] | 在馆 |